| 000 | 00469nam a2200181Ia 4500 | ||
|---|---|---|---|
| 008 | 240925s9999 xx 000 0 und d | ||
| 020 | _a860370003 | ||
| 082 | _a297 AHM | ||
| 100 | _aNot - Available | ||
| 245 | 0 | _aIslam: its meaning and message | |
| 250 | _aNA | ||
| 260 |
_aJahlum: _bBook Corner Show Room _c,1988. |
||
| 300 |
_axix,822p. _bNA _fOriginal |
||
| 500 | _aIncludes Index | ||
| 600 | _aHumanities & Natural Science | ||
| 650 | _aReligion | ||
| 942 | _cBK | ||
| 999 |
_c3147 _d3147 |
||